000 00245nam a2200109 a 4500
005 20140414093836.0
008 030611s19uu xx 00 eng d
050 _aCD 006
_bR #05
245 _a10,000 Clip art.
942 _cAVM
999 _c109041
_d109041